[Event "Catalunya-chT Final A+B"]
[Site "Barcelona"]
[Date "2020.03.07"]
[Round "8.5"]
[White "Banos, Oscar Francisco"]
[Black "Guso Llorca, Jordi"]
[Result "1-0"]
[WhiteElo "2227"]
[BlackElo "2116"]
[PlyCount "41"]
[EventDate "2020.03.07"]
[EventType "team-tourn"]
[EventRounds "11"]
[EventCountry "ESP"]
[SourceTitle "EXT 2023"]
[Source "ChessBase"]
[SourceDate "2022.10.05"]
[SourceVersion "1"]
[SourceVersionDate "2022.10.05"]
[SourceQuality "1"]
[WhiteTeam "Figueres"]
[BlackTeam "Gerunda"]
[WhiteTeamCountry "ESP"]
[BlackTeamCountry "ESP"]

1. c4 Nf6 2. Nf3 g6 3. Nc3 Bg7 4. e4 d6 5. d4 0-0 6. Be2 e5 7. 0-0 Nc6 8. d5 Ne7 9. a4 a5 10. b3 Nd7 11. Ba3 f5 12. Nd2 Nf6 13. c5 dxc5 14. Bxc5 b6 15. Ba3 Kh8 16. f3 Ne8 17. Nb5 Nd6 18. Rc1 Bh6 19. Bb2 Nf7 20. Rc2 Re8 21. Nc4 1-0

[Event "Catalunya-chT Gp1"]
[Site "Barcelona"]
[Date "2020.02.22"]
[Round "6.5"]
[White "Guso Llorca, Jordi"]
[Black "Fernandez Diaz, Cristian"]
[Result "0-1"]
[WhiteElo "2116"]
[BlackElo "2354"]
[PlyCount "74"]
[EventDate "2020.01.18"]
[EventType "team-tourn"]
[EventRounds "7"]
[EventCountry "ESP"]
[SourceTitle "CBM 195 Extra"]
[Source "ChessBase"]
[SourceDate "2020.05.31"]
[SourceVersion "1"]
[SourceVersionDate "2020.05.31"]
[SourceQuality "1"]
[WhiteTeam "Gerunda"]
[BlackTeam "Mollet"]
[WhiteTeamCountry "ESP"]
[BlackTeamCountry "ESP"]

1. Nf3 Nf6 2. g3 c5 3. Bg2 Nc6 4. 0-0 g6 5. c4 Bg7 6. Nc3 0-0 7. d4 cxd4 8. Nxd4 Ng4 9. e3 d6 10. b3 Nxd4 11. exd4 Nh6 12. Bb2 Nf5 13. Nd5 Rb8 14. Rc1 b5 15. cxb5 Rxb5 16. g4 Bb7 17. a4 Nh4 18. axb5 Nxg2 19. Kxg2 Bxd5+ 20. f3 Qd7 21. h3 Qxb5 22. Rc7 Bxb3 23. Qd2 a5 24. Rfc1 Be6 25. Rxe7 a4 26. Ba1 Bd5 27. Rec7 Bh6 28. g5 Bxg5 29. Qb2 Qd3 30. Rf1 Re8 31. Rc2 Bh4 32. Qc3 Qf5 33. Qd2 Bg5 34. Qf2 Re3 35. Re2 Rb3 36. Rb2 Rd3 37. Qe2 Bf4 0-1

[Event "Catalunya-chT Gp1"]
[Site "Barcelona"]
[Date "2020.02.15"]
[Round "5.7"]
[White "Castellet Giralt, Gabriel"]
[Black "Guso Llorca, Jordi"]
[Result "1-0"]
[WhiteElo "2236"]
[BlackElo "2116"]
[PlyCount "59"]
[EventDate "2020.01.18"]
[EventType "team-tourn"]
[EventRounds "7"]
[EventCountry "ESP"]
[SourceTitle "CBM 195 Extra"]
[Source "ChessBase"]
[SourceDate "2020.05.31"]
[SourceVersion "1"]
[SourceVersionDate "2020.05.31"]
[SourceQuality "1"]
[WhiteTeam "Cerdanyola Valles"]
[BlackTeam "Gerunda"]
[WhiteTeamCountry "ESP"]
[BlackTeamCountry "ESP"]

1. d4 Nf6 2. c4 g6 3. Nc3 Bg7 4. e4 d6 5. f4 0-0 6. Nf3 Na6 7. Be2 c5 8. d5 Nc7 9. 0-0 a6 10. a4 b6 11. Qe1 Rb8 12. e5 Nfe8 13. Qh4 Bd7 14. Be3 e6 15. Qg3 f6 16. Rad1 Qe7 17. dxe6 Qxe6 18. Rf2 Bc6 19. f5 gxf5 20. exd6 Qxe3 21. dxc7 Rc8 22. Nh4 Qxg3 23. hxg3 Nxc7 24. Nxf5 Ne6 25. Ne7+ Kf7 26. Nxc8 Rxc8 27. Bh5+ Kf8 28. Bg4 Re8 29. Rd6 Nd4 30. Nd5 1-0

[Event "Catalunya-chT Gp1"]
[Site "Barcelona"]
[Date "2019.03.02"]
[Round "7.8"]
[White "Guso Llorca, Jordi"]
[Black "Ayas Fernandez, Antonio"]
[Result "1-0"]
[WhiteElo "2079"]
[BlackElo "2253"]
[PlyCount "81"]
[EventDate "2019.01.19"]
[EventType "team-tourn"]
[EventRounds "7"]
[EventCountry "ESP"]
[SourceTitle "CBM 189 Extra"]
[Source "ChessBase"]
[SourceDate "2019.06.03"]
[SourceVersion "1"]
[SourceVersionDate "2019.06.03"]
[SourceQuality "1"]
[WhiteTeam "Gerunda"]
[BlackTeam "Colon Sabadell"]
[WhiteTeamCountry "ESP"]
[BlackTeamCountry "ESP"]

1. d4 Nf6 2. Nf3 e6 3. g3 c5 4. Bg2 cxd4 5. Nxd4 d5 6. 0-0 e5 7. Nb3 Nc6 8. Bg5 Be6 9. Nc3 d4 10. Ne4 Be7 11. Nxf6+ gxf6 12. Bh6 Rg8 13. Bd2 h5 14. c3 dxc3 15. Bxc3 Qb6 16. Qd3 Rg7 17. Qe4 0-0-0 18. Na5 Rg4 19. Qc2 Bb4 20. Nxc6 bxc6 21. Bxb4 Rxb4 22. b3 c5 23. Rac1 c4 24. bxc4 Rxc4 25. Qh7 Kd7 26. Rxc4 Bxc4 27. Rb1 Qa6 28. Rb7+ Kc8 29. Rb1 Qxa2 30. Qe4 Rd5 31. Rc1 Rd4 32. Qc6+ Kd8 33. Qxf6+ Kd7 34. Qxe5 Qd2 35. Bh3+ Kd8 36. Qb8+ Ke7 37. Qc7+ Kf8 38. Rxc4 Qe1+ 39. Kg2 Rd1 40. Qb8+ Kg7 41. Qe5+ 1-0

[Event "Catalunya-chT Gp1"]
[Site "Barcelona"]
[Date "2019.01.26"]
[Round "2.10"]
[White "Guso Llorca, Jordi"]
[Black "Alvarez Albiol, Victor"]
[Result "1/2-1/2"]
[WhiteElo "2079"]
[BlackElo "2117"]
[PlyCount "162"]
[EventDate "2019.01.19"]
[EventType "team-tourn"]
[EventRounds "7"]
[EventCountry "ESP"]
[SourceTitle "CBM 188 Extra"]
[Source "ChessBase"]
[SourceDate "2019.02.26"]
[SourceVersion "1"]
[SourceVersionDate "2019.02.26"]
[SourceQuality "1"]
[WhiteTeam "Gerunda"]
[BlackTeam "Foment Martinenc"]
[WhiteTeamCountry "ESP"]
[BlackTeamCountry "ESP"]

1. Nf3 Nf6 2. g3 g6 3. Bg2 Bg7 4. 0-0 0-0 5. c4 d6 6. Nc3 e5 7. d3 c5 8. e3 Nc6 9. a3 h6 10. Qc2 Be6 11. e4 Qd7 12. Nd5 Bxd5 13. cxd5 Nd4 14. Nxd4 cxd4 15. Qb3 a5 16. a4 Qc7 17. Bd2 Nd7 18. Rfc1 Nc5 19. Qb5 Qd8 20. Ra3 Qe8 21. Qc4 f5 22. b4 axb4 23. Bxb4 fxe4 24. Bxc5 dxc5 25. Bxe4 Qf7 26. d6 Qxc4 27. Rxc4 Ra5 28. Bxb7 Rd8 29. Be4 Rxd6 30. Rb3 Rda6 31. Rb5 Rxa4 32. Rxa4 Rxa4 33. Rxc5 Ra6 34. Rc7 Rd6 35. Kg2 Rb6 36. h4 Rd6 37. Rc8+ Kf7 38. Rc7+ Kf6 39. Kf3 h5 40. Bc6 Bf8 41. Ke4 Be7 42. Be8 Re6 43. f3 Kg7 44. Bd7 Rb6 45. Be8 Re6 46. Rb7 Kf6 47. Rd7 Rd6 48. Ra7 Re6 49. Rb7 Kg7 50. Kd5 Kf6 51. Rd7 Rb6 52. Bxg6 Rb3 53. Ke4 Rb2 54. Bxh5 Rg2 55. Bg4 Rxg3 56. Rb7 Bd8 57. Rb8 Ke7 58. h5 Rg1 59. h6 Rh1 60. Rb7+ Kf6 61. h7 Be7 62. Rb6+ Kg5 63. Kxe5 Rxh7 64. Kxd4 Bf6+ 65. Ke4 Re7+ 66. Be6 Bc3 67. f4+ Kf6 68. f5 Rg7 69. Bc4+ Ke7 70. Re6+ Kf7 71. Rc6+ Ke7 72. Be6 Bb2 73. Rc4 Rg4+ 74. Kd5 Rg3 75. d4 Rd3 76. Rb4 Ba1 77. Ke4 Rd2 78. Rb7+ Kf6 79. Rf7+ Kg5 80. Rd7 Kf6 81. Bc4 Rxd4+ 1/2-1/2

[Event "Gerunda op 3rd"]
[Site "Gerunda"]
[Date "2018.04.27"]
[Round "4"]
[White "Mayor Sanchez, Angel"]
[Black "Guso Llorca, Jordi"]
[Result "1-0"]
[WhiteElo "2027"]
[BlackElo "2163"]
[PlyCount "65"]
[EventDate "2018.04.06"]
[EventType "swiss"]
[EventRounds "9"]
[EventCountry "ESP"]
[SourceTitle "CBM 184 Extra"]
[Source "ChessBase"]
[SourceDate "2018.06.28"]
[SourceVersion "1"]
[SourceVersionDate "2018.06.28"]
[SourceQuality "1"]

1. d4 Nf6 2. c4 g6 3. Nc3 Bg7 4. e4 d6 5. f3 0-0 6. Be3 c6 7. Qd2 a6 8. g4 b5 9. h4 bxc4 10. Bh6 e5 11. Bxg7 Kxg7 12. h5 Qe7 13. hxg6 fxg6 14. Qh6+ Kh8 15. dxe5 dxe5 16. Qxg6 Qg7 17. Qxg7+ Kxg7 18. Bxc4 Nbd7 19. Be6 Nc5 20. Bf5 Bxf5 21. exf5 Nd3+ 22. Kf1 Nxb2 23. g5 Nd5 24. f6+ Kg8 25. Ne4 Rab8 26. Ne2 Nd3 27. N2g3 Rb2 28. Nf5 Rfb8 29. Rd1 Rxa2 30. Ne7+ Kf7 31. Nxd5 cxd5 32. Rxh7+ Kg8 33. g6 1-0

[Event "Catalunya-chT Gp2"]
[Site "Barcelona"]
[Date "2018.02.24"]
[Round "6.8"]
[White "Guso Llorca, Jordi"]
[Black "Sierra Montoya, Miquel"]
[Result "1/2-1/2"]
[WhiteElo "2163"]
[BlackElo "2156"]
[PlyCount "144"]
[EventDate "2018.01.20"]
[EventType "team-tourn"]
[EventRounds "7"]
[EventCountry "ESP"]
[SourceTitle "EXT 2019"]
[Source "ChessBase"]
[SourceDate "2018.10.10"]
[SourceVersion "1"]
[SourceVersionDate "2018.10.10"]
[SourceQuality "1"]
[WhiteTeam "Gerunda"]
[BlackTeam "St Cugat"]
[WhiteTeamCountry "ESP"]
[BlackTeamCountry "ESP"]

1. Nf3 Nf6 2. g3 g6 3. Bg2 Bg7 4. 0-0 0-0 5. c4 d6 6. Nc3 a6 7. Rb1 e5 8. d3 c6 9. Qc2 h6 10. Rd1 Be6 11. b3 Re8 12. Ba3 Bf5 13. Ne4 Bf8 14. h3 a5 15. Kh2 Na6 16. Nxf6+ Qxf6 17. e4 Be6 18. Qd2 c5 19. Bb2 Nb4 20. Bc3 Nc6 21. a3 Ra7 22. Ne1 g5 23. Nc2 h5 24. Ne3 Bh6 25. Nd5 Qg6 26. Qe2 Bxd5 27. cxd5 Nd4 28. Bxd4 exd4 29. Bf3 h4 30. gxh4 Qf6 31. hxg5 Bxg5 32. Kh1 Qf4 33. Rg1 Kh8 34. Bg4 b5 35. Bf5 Qh4 36. Qg4 Qxg4 37. Rxg4 Bf6 38. Rbg1 a4 39. bxa4 Rxa4 40. Bd7 Rb8 41. Rf4 Bg7 42. Rh4+ Kg8 43. Rhg4 Kf8 44. Rxg7 Ke7 45. Bc6 Rxa3 46. R7g3 b4 47. Rb1 b3 48. Rgg1 b2 49. Rgd1 Kf6 50. Kg2 Ke5 51. Rd2 Rab3 52. Ba4 Ra3 53. Bd7 Rab3 54. Bf5 Kf4 55. Kf1 c4 56. dxc4 d3 57. Bd7 R8b4 58. Be8 Rxc4 59. Rdxb2 d2 60. Ke2 Rxb2 61. Rxb2 Rxe4+ 62. Kxd2 Rxe8 63. Rb7 f5 64. Rb3 Re4 65. Re3 Ra4 66. Ke2 Ra2+ 67. Ke1 Ra1+ 68. Ke2 Ra5 69. Rd3 Ke4 70. Rd2 Ra3 71. h4 Rh3 72. Ra2 Kxd5 1/2-1/2

[Event "Catalunya-chT Gp1"]
[Site "Barcelona"]
[Date "2017.02.25"]
[Round "6.9"]
[White "Sole Pijuan, Ferran"]
[Black "Guso Llorca, Jordi"]
[Result "1-0"]
[WhiteElo "2010"]
[BlackElo "2153"]
[PlyCount "91"]
[EventDate "2017.01.21"]
[EventType "team-tourn"]
[EventRounds "7"]
[EventCountry "ESP"]
[SourceTitle "EXT 2018"]
[Source "ChessBase"]
[SourceDate "2017.10.13"]
[SourceVersion "1"]
[SourceVersionDate "2017.10.13"]
[SourceQuality "1"]
[WhiteTeam "Lleida"]
[BlackTeam "Gerunda"]
[WhiteTeamCountry "ESP"]
[BlackTeamCountry "ESP"]

1. d4 Nf6 2. c4 c5 3. d5 g6 4. Nc3 Bg7 5. g3 0-0 6. Bg2 d6 7. Nf3 a6 8. 0-0 Nbd7 9. a4 Rb8 10. Qd3 Nb6 11. e4 Na8 12. Nh4 Nc7 13. f4 b5 14. axb5 axb5 15. cxb5 Bd7 16. h3 Nxb5 17. e5 Ne8 18. e6 fxe6 19. dxe6 Bc8 20. Nxb5 Qb6 21. Na7 Bxe6 22. Qe2 Qb3 23. Ra3 Qc4 24. Qxc4 Bxc4 25. Re1 e6 26. Nc6 Rb6 27. Na5 Bd5 28. Bxd5 exd5 29. Rb3 Ra6 30. Bd2 Nf6 31. Re7 Ne4 32. Be1 c4 33. Rbb7 Bf6 34. Rxh7 c3 35. Bxc3 Nxc3 36. bxc3 Rxa5 37. Nxg6 Re8 38. Kf2 Bxc3 39. Kf3 Bd4 40. Kg4 Ra3 41. Rhc7 Rc3 42. Ne7+ Kh8 43. Rxc3 Bxc3 44. Nxd5 Be1 45. Nf6 Re3 46. Rh7# 1-0